000 00291nam a22001337a 4500
008 170621b xxu||||| |||| 00| 0 eng d
020 _a0300026358
041 _aeng
080 _23RD
_a94(4)
100 _a16
101 _aSHH
245 _aRUSSIAN FORMALISM
_cERLICH ,V
942 _2udc
_cBK
999 _c18555
_d18555